000 00716nam a22001937a 4500
008 160727b xxu||||| |||| 00| 0 eng d
020 _a978-0-7216-3927-7
082 _22006
_aDC 615.58
_bK24p
100 _912001
_aKee, Joyce LeFever
245 _aPharmacology:
_ba nursing process approach/
_cJoyce LeFever Kee, Evelyn R. Hayes and Linda E. McCuistion.
250 _a5th edition
260 _aSt. Louis, MO:
_bSaunders/Elsevier ,
_cc2006.
300 _axxv, 992 pages:
_billustrations;
_c28 cm.
500 _aIncludes bibliographical references and index.
650 0 _912002
_aPharmacology
700 _912003
_aHayes, Evelyn R.
_eAuthor
700 _912004
_aMcCuistion, Linda E.
_eAuthor
942 _2ddc
_cDC
999 _c3607
_d3607